| 000 | 00968nam0a22002411i 4500 | ||
|---|---|---|---|
| 001 | rc\3413986 | ||
| 005 | 20240726012811.0 | ||
| 021 |
_aRU _bРг2510-70 |
||
| 021 |
_aRU _b69-51177 |
||
| 035 | _a(NLR Aleph) 007553462 | ||
| 090 |
_a5226427 _c5226428 |
||
| 100 | _a20130115d1969 |||y0rusy50 ca | ||
| 101 | 0 | _arus | |
| 102 | _aRU | ||
| 105 | _ay d ||||| | ||
| 200 | 1 |
_aТонкая васкуляризация спинного мозга человека и позвоночника животных _e(Сравн.-морфол. исследование) _eАвтореферат дис. на соискание учен. степени доктора мед. наук _fКазан. мед. ин-т им. С.В. Курашова |
|
| 210 |
_aКазань _d1969 |
||
| 215 |
_a29 с. _d21 |
||
| 700 | 1 |
_aРакеева _bМ.Т. _gМустанфиря Тагировна |
|
| 801 | 0 |
_aRU _bNLR _gpsbo |
|
| 801 | 1 |
_aRU _bELAR _2rusmarc |
|
| 852 |
_aNLR _j69-4/33915 |
||
| 942 | _cBOOK | ||